000
00292nam a22001337a 4500
008
170301b xxu||||| |||| 00| 0 eng d
020
_a
0801665574
041
_a
eng
080
_2
4 ED
_a
61
100
_a
6
101
_a
DHM
245
_a
VASCULAR DIAGNOSIS
_c
BERNSTEIN.E.F
942
_2
udc
_c
BK
999
_c
6509
_d
6509